| 000 | 00903nam a2200181 i 4500 | ||
|---|---|---|---|
| 001 | 167555 | ||
| 003 | ES-MaACL | ||
| 005 | 20230906213541.0 | ||
| 008 | 000908s1859 sp |||| | spa d | ||
| 040 |
_aCYL _bspa _cCYL |
||
| 100 | 1 |
_aVillafranca y Alfaro, Benigno. _9114922 |
|
| 245 | 1 | 0 | _aDiscurso leído en la Universidad Central por el licenciado D. Benigno Villafranca y Alfaro al recibir la investidura de doctor en la Facultad de Medicina. |
| 260 |
_aMadrid : _b[s.n.], _c1859 ( _fImprenta de D. Francisco Sánchez) |
||
| 300 |
_a24 p. ; _c24 cm. |
||
| 594 | _aTit. del discurso: Juan Huarte y su examen de ingenios para las ciencias. | ||
| 600 | 0 | 4 |
_aHuarte de San Juan, Juan. _964470 |
| 852 |
_aES-MaACL _jT-668-F-11 _z-- Enc. hol., falto de la cub. original _z-- Sello de los Escolares Médicos _z-- An. ms.: ded. de Gustavo Sáenz Diez a los Escolares Médicos _z-- Enc. en un vol. facticio |
||
| 999 |
_c167555 _d167555 |
||